Apostolisches Glaubensbekenntnis - Latein - Statistiken

Allgemein
  • Dieses Quiz wurde 52 mal gespielt
  • Das Durchschnittsergebnis liegt bei 32 aus 76
Antwortstatistiken
Antwort % Korrekt
de
93%
a
78%
Deum,
78%
Iesum
76%
et
71%
Et
71%
et
71%
et
71%
in
71%
in
71%
in
71%
Amen
68%
Christum,
68%
Credo
68%
Credo
68%
Maria
68%
Pilato,
56%
Pontio
56%
caeli
54%
Dominum
54%
Filium
54%
Spiritu
54%
Dei
51%
terrae.
51%
Patrem
49%
Patris
49%
Sanctum,
49%
ad
44%
ad
44%
ad
44%
nostrum:
44%
Spiritum
44%
Sancto,
41%
die
39%
natus
39%
omnipotentem,
39%
Virgine,
39%
catholicam,
37%
est
37%
est
37%
ex
37%
omnipotentis:
37%
Creatorem
34%
Ecclesiam
34%
sanctam
34%
sedet
34%
tertia
32%
vitam
32%
descendit
29%
dexteram
29%
mortuis;
29%
mortuus,
29%
sub
29%
aeternam.
27%
mortuos.
27%
Sanctorum
27%
crucifixus,
24%
eius
24%
passus
24%
vivos
24%
iudicare
22%
qui
22%
sepultus,
22%
ascendit
20%
caelos;
20%
communionem;
20%
conceptus
20%
peccatorum,
20%
resurrexit
20%
venturus
20%
inde
17%
remissionem
17%
resurrectionem,
17%
unicum,
17%
carnis
12%
inferos:
12%
Keine übereinstimmenden Quizze gefunden
Verteilung der Resultate
Anzahl Personen mit jedem Resultat
Perzentil nach korrekt beantworteten Fragen
Ihre Resultats-Entwicklung
Sie haben dieses Quiz noch nicht gespielt